000 00657cam a22001814a 4500
005 20250605164206.0
008 250528s ||||||||||||||||||||||||d
035 _a20050
040 _aGR-AtMCL
_bgre
_dGR-AtMCL
_eAACR2
245 1 _aSwedish and International Arbitration 1990
260 _bArbitration Institute of Stockholm,
_c1990
300 _a122
520 _aThe Taba Tribunal, The Arbitration Institute of the Stockholm Chamber of Commerce, The Arbitral Tribunal, Salient Features of the Swedish Arbitral Procedure, Arbitration and the Swedish Courts.
700 1 _aRudholm Sten
_96124
942 _cBK
999 _c5213
_d5213